000 00673cam a2200217 4500
001 ABS62506
008 000000n2000 000 0 eng u
035 _a(Sirsi) u106555
100 _aMungo, J.
245 _aIs the future assured?
260 _c2000
490 _aProperty Week
_v65(21) 2 June 2000, 92-93(2)
520 _aConsiders the changing marketplace in the way that properties are insured and discusses the long-term implications for the insurance and property markets.
590 _aABS
650 _aINSURANCE COMPANIES
650 _aPREMIUMS
650 _aCOMPETITIVENESS
650 _aPROPERTY MARKET
690 _aInsurance
_96249
942 _n0
999 _c63813
_d63813